Pays insulaires - Mort Subite - Dure - Statistiques

Statistiques générales
  • Ce quiz a été pris 543 fois
  • Le résultat moyen est 13 sur 20
Answers on the Grid
Answers color-coded by a green-red scale on the quiz's grid according to % correct below.
Tahiti
République Dominicaine
Dominique
Hong Kong
Kiribati
Singapour
Île de Pâques
Groenland
Madagascar
Zanzibar
Islande
Irlande
Porto Rico
Papouasie-Nouvelle-Guinée
Philippines
Cuba
Nouvelle-Calédonie
Nouvelle-Zélande
Brunei
Bali
Pays de Galles
Îles Salomon
Îles Féroé
Îles Marshall
Niue
Maurice
Écosse
Hawaï
Bahamas
Madére
Bermudes
Bahreïn
Sainte-Croix
Saint-Barthélemy
Sainte-Hélène
Saint-Christophe-et-Niévès
Sainte-Lucie
Saint-Martin
Saint-Pierre-et-Miquelon
Saint-Vincent-et-les Grenadines
 
Statistiques - réponses
Réponse % Correct
Madagascar
77%
Dominique
76%
Islande
75%
Cuba
74%
Kiribati
73%
Philippines
71%
République Dominicaine
71%
Nouvelle-Zélande
68%
Bahamas
63%
Îles Marshall
62%
Irlande
62%
Saint-Vincent-et-les Grenadines
62%
Îles Salomon
61%
Saint-Christophe-et-Niévès
60%
Maurice
58%
Papouasie-Nouvelle-Guinée
58%
Sainte-Lucie
58%
Singapour
55%
Bahreïn
46%
Brunei
46%
Aucun quiz correspondant
Distribution des résultats
% des personnes avec chaque résultat
Percentile par nombre de réponses
Votre historique - résultats
Vous n’avez pas pris ce quiz